000 01080nam a22002777a 4500
005 20080905121451.0
008 110608t xxu||||| |||| 00| 0 hin d
010 _aHIN-92927
020 _c250.00
_a8188381632
035 _aHN-65273
037 _bDBAD / PUB
040 _aDPL
_bHN
082 _a
100 _928442
_aयादव, सूर्यदीन
245 _aचौपार /
_cसूर्यदीन यादव
246 _aChoupaar
_bby Suryadeen Yadav
260 _aदिल्ली
_bनीरज बुक सेंटर
_c2011
270 _aसी-32, आर्यानगर सोसायटी
_bदिल्ली
_e110092
300 _a159पृ
_c22सेमी (सजिल्द)
650 _928443
_aलघु कथाएं, हिन्दी
650 _928455
_aShort Stories, Hindi
700 _928521
700 _928536
942 _adpl
_cHN
_2ddc
_mयादव
_h
999 _c52910
_d52910